[Event "3rd Al Ain Chess Classic"]
[Site "Al-Ain UAE"]
[Date "2014.12.25"]
[Round "8.20"]
[White "Bakre, Tejas"]
[Black "Petrosyan, Manuel"]
[Result "1/2-1/2"]
[WhiteTitle "GM"]
[BlackTitle "FM"]
[WhiteElo "2454"]
[BlackElo "2407"]
[WhiteFideId "5004195"]
[BlackFideId "13300857"]
[EventDate "2014.12.19"]

1. e4 c6 2. Nc3 d5 3. Nf3 Bg4 4. h3 Bh5 5. d4 e6 6. Be2 Nf6 7. exd5 cxd5 8. g4
Bg6 9. Ne5 Nfd7 10. Nxg6 hxg6 11. Bf4 Nc6 12. Nb5 Rc8 13. c3 Nb6 14. a4 a6 15.
Na3 Bd6 16. Be3 Na5 17. Kf1 Bxa3 18. Rxa3 Nbc4 19. Bxc4 Nxc4 20. Rb3 Qd7 21. Kg2
O-O 22. Bf4 f6 23. Re1 Rce8 24. Rb4 Qc6 25. Bg3 g5 26. Kg1 1/2-1/2

[Event "3rd Al Ain Chess Classic"]
[Site "Al-Ain UAE"]
[Date "2014.12.25"]
[Round "8.21"]
[White "Hayrapetyan, Hovik"]
[Black "Nasri, Amin"]
[Result "1-0"]
[WhiteTitle "GM"]
[WhiteElo "2441"]
[BlackElo "2275"]
[WhiteFideId "13302639"]
[BlackFideId "12501972"]
[EventDate "2014.12.19"]

1. d4 Nf6 2. c4 e6 3. Nc3 Bb4 4. Qc2 O-O 5. a3 Bxc3+ 6. Qxc3 b6 7. Nf3 Ne4 8.
Qc2 Bb7 9. g3 f5 10. Bg2 Nf6 11. O-O Be4 12. Qc3 d6 13. b4 Nbd7 14. Re1 Qe8 15.
Bf1 Bb7 16. Rd1 Qh5 17. d5 exd5 18. cxd5 Nxd5 19. Qb3 Nf6 20. Bg2 h6 21. Nh4
Qxe2 22. Ng6 Rf7 23. Bb2 Ne4 24. Rxd5 Qxf2+ 25. Kh1 Bxd5 26. Qxd5 Re8 27. Bd4
Nxg3+ 28. hxg3 Qxg3 29. Rg1 Qxg6 30. Bf3 Qe6 31. Qxe6 Rxe6 32. Bd5 Ree7 33.
Rxg7+ Kf8 34. Bxf7 Rxf7 35. Rg6 c5 36. Bf2 Ke7 37. Kg2 Kd7 38. b5 f4 39. Kf3 d5
40. Rxh6 Kc7 41. Bh4 Rf5 42. Bf6 1-0

[Event "3rd Al Ain Chess Classic"]
[Site "Al-Ain UAE"]
[Date "2014.12.25"]
[Round "8.22"]
[White "Mosadeghpour, Masoud"]
[Black "Mamedov, Rauf"]
[Result "0-1"]
[BlackTitle "GM"]
[WhiteElo "2337"]
[BlackElo "2658"]
[WhiteFideId "12519278"]
[BlackFideId "13401653"]
[EventDate "2014.12.19"]

1. e4 g6 2. d4 Bg7 3. Nc3 a6 4. Nf3 d6 5. h3 Nf6 6. Bd3 O-O 7. O-O Nc6 8. Bf4
Nxd4 9. Nxd4 e5 10. Be3 exd4 11. Bxd4 Re8 12. Qf3 Be6 13. Rad1 c5 14. Be3 Nd7
15. Qg3 Qb6 16. Bc1 Be5 17. Qh4 Bf6 18. Qg3 Be5 19. Qh4 c4 20. Be2 Nc5 21. Kh1
Bg7 22. f4 Bxc3 23. f5 Bf6 24. Qxf6 Nxe4 25. Qh4 Bxf5 26. Bxc4 Qc7 27. Bd5 Qe7
28. Qf4 Nf6 29. Bf3 Ne4 30. Kh2 Rac8 31. c3 Rc5 32. Rfe1 Re5 33. Qh6 Re6 34. Qf4
Re5 35. Qh6 d5 36. Be3 Nf6 37. Bf2 Be4 38. Bd4 Re6 39. Rf1 Qf8 40. Qf4 Bxf3 41.
Rxf3 Nh5 42. Qc7 R8e7 43. Qc5 Qb8+ 44. Kg1 Ng3 45. Qxd5 Re1+ 46. Rxe1 Rxe1+ 47.
Kf2 Rf1+ 48. Ke3 Qe8+ 49. Kf4 Nh5+ 50. Kg4 Qc8+ 51. Kg5 Rxf3 52. gxf3 h6+ 53.
Kxh6 Nf4 54. Qe4 Ne6 0-1

[Event "3rd Al Ain Chess Classic"]
[Site "Al-Ain UAE"]
[Date "2014.12.25"]
[Round "8.23"]
[White "Firouzja, Alireza"]
[Black "Sokolov, Ivan"]
[Result "1/2-1/2"]
[BlackTitle "GM"]
[WhiteElo "2332"]
[BlackElo "2645"]
[WhiteFideId "12573981"]
[BlackFideId "14400030"]
[EventDate "2014.12.19"]

1. e4 e5 2. Nf3 Nc6 3. Bc4 Nf6 4. d3 Bc5 5. c3 O-O 6. O-O d6 7. Nbd2 Kh8 8. h3
Bb6 9. Re1 Ng8 10. Nf1 f5 11. exf5 Bxf5 12. Ng3 Bg6 13. d4 exd4 14. cxd4 Rxf3
15. Qxf3 Nxd4 16. Qxb7 Rb8 17. Bg5 Qf8 18. Qd5 Nc2 19. Qxg8+ Qxg8 20. Bxg8 Kxg8
21. Rac1 Nxe1 22. Rxe1 a5 23. b3 Re8 24. Rxe8+ Bxe8 25. Nf5 Kf7 26. Bd8 a4 27.
Nxd6+ cxd6 28. Bxb6 axb3 29. axb3 Ke6 30. Kf1 Kd5 31. Ke2 Bb5+ 32. Kf3 Bd3 33.
g3 Bc2 34. b4 Kc4 35. Ke3 Kxb4 36. Bd4 g6 37. h4 Kc4 38. f3 h5 39. g4 Kd5 40.
gxh5 gxh5 1/2-1/2

[Event "3rd Al Ain Chess Classic"]
[Site "Al-Ain UAE"]
[Date "2014.12.25"]
[Round "8.24"]
[White "Vijayalakshmi, Subbaraman"]
[Black "Iordachescu, Viorel"]
[Result "0-1"]
[WhiteTitle "IM"]
[BlackTitle "GM"]
[WhiteElo "2329"]
[BlackElo "2611"]
[WhiteFideId "5004098"]
[BlackFideId "13900200"]
[EventDate "2014.12.19"]

1. d4 Nf6 2. c4 e6 3. Nc3 Bb4 4. Qc2 O-O 5. a3 Bxc3+ 6. Qxc3 d6 7. Bg5 Nbd7 8.
e3 b6 9. Bd3 Bb7 10. Ne2 c5 11. O-O Rc8 12. b4 Qc7 13. Qb2 Be4 14. Rfd1 cxb4 15.
axb4 Bxd3 16. Rxd3 Qxc4 17. Rc3 Qb5 18. Bxf6 Nxf6 19. Rxa7 Nd5 20. Rxc8 Rxc8 21.
h3 g6 22. Ng3 Qd3 23. Qa1 Kg7 24. Qf1 Qd2 25. Ne4 Qxb4 26. Qd1 Rc7 27. Rxc7 Nxc7
28. Qf3 Ne8 29. h4 d5 30. Ng5 Nf6 31. Qf4 Qb1+ 32. Kh2 Qf5 33. Qc7 Ng4+ 34. Kg3
h5 35. Nh3 b5 36. Qb7 Nh6 37. Qxb5 Qg4+ 38. Kh2 Qxh4 39. Qb8 Ng4+ 40. Kg1 Qf6
41. Qd6 Qf5 42. Qb4 Qc2 43. Qe1 h4 44. Ng5 Qf5 45. Nf3 g5 46. Nd2 Qc2 47. Nf3
Qf5 48. Nd2 Nf6 49. Nf3 h3 50. Nh2 hxg2 51. Kxg2 Qc2 52. Kg1 Ne4 53. f3 Nc3 54.
Qf2 Qxf2+ 55. Kxf2 f5 56. Nf1 Kf6 57. Nd2 f4 58. exf4 gxf4 59. Nb3 Nb5 60. Kg2
Kf5 61. Kf2 Kg5 62. Kf1 Kf6 63. Kg2 Nd6 64. Kh3 Nf5 65. Kg4 e5 66. dxe5+ Kxe5
67. Nc5 Ne3+ 68. Kg5 Ng2 69. Kg4 Kd4 70. Ne6+ Ke3 71. Nc7 d4 72. Nd5+ Ke2 73.
Kh3 Kxf3 74. Kh2 Ne3 75. Nb4 Ke2 0-1

[Event "3rd Al Ain Chess Classic"]
[Site "Al-Ain UAE"]
[Date "2014.12.25"]
[Round "8.25"]
[White "Soumya, Swaminathan"]
[Black "Kravtsiv, Martyn"]
[Result "0-1"]
[WhiteTitle "WGM"]
[BlackTitle "GM"]
[WhiteElo "2330"]
[BlackElo "2576"]
[WhiteFideId "5016193"]
[BlackFideId "14113147"]
[EventDate "2014.12.19"]

1. d4 Nf6 2. c4 e6 3. g3 d5 4. Nf3 Nbd7 5. Bg2 dxc4 6. Qa4 a6 7. Qxc4 b5 8. Qc6
Rb8 9. Bf4 Bb7 10. Qxc7 Bb4+ 11. Nbd2 Qxc7 12. Bxc7 Rc8 13. Bf4 Rc2 14. a3 Bxd2+
15. Bxd2 O-O 16. Bc3 Ne4 17. Nd2 Nxc3 18. Bxb7 Rxb2 19. Rc1 Na2 20. Rb1 Rc2 21.
Nb3 Nf6 22. Kf1 Nc3 23. Ra1 g5 24. Bxa6 Rxe2 25. Kg2 Ng4 26. Rhf1 Ne3+ 27. Kg1
Nxf1 28. Kxf1 Rc2 29. Bb7 Rd8 0-1

[Event "3rd Al Ain Chess Classic"]
[Site "Al-Ain UAE"]
[Date "2014.12.25"]
[Round "8.26"]
[White "Kursova, Maria"]
[Black "Moskalenko, Viktor1"]
[Result "0-1"]
[WhiteTitle "WGM"]
[BlackTitle "GM"]
[WhiteElo "2305"]
[BlackElo "2528"]
[WhiteFideId "4129709"]
[BlackFideId "14100100"]
[EventDate "2014.12.19"]

1. d4 f5 2. Nc3 d5 3. Bf4 e6 4. e3 Bd6 5. Bxd6 cxd6 6. g4 Nh6 7. gxf5 Nxf5 8.
Bd3 O-O 9. Qh5 Nc6 10. O-O-O Bd7 11. h4 Rc8 12. Nge2 Nb4 13. Bxf5 Rxf5 14. Qg4
Rxf2 15. a3 Nxc2 16. Rdg1 Qe7 17. Kxc2 e5 18. Qg5 Qxg5 19. Rxg5 exd4 20. exd4
Rxe2+ 21. Kb1 Re7 22. Nxd5 Rf7 23. Rhg1 Kh8 24. h5 h6 25. R5g3 Re8 26. Ka1 Bc6
27. Nc3 Bf3 28. Nb5 Re6 29. Nxa7 Bxh5 30. Nb5 Ref6 31. a4 Bf3 32. Ka2 g5 33. Ka3
g4 34. Kb4 h5 35. Ka5 Rg7 0-1

[Event "3rd Al Ain Chess Classic"]
[Site "Al-Ain UAE"]
[Date "2014.12.25"]
[Round "8.27"]
[White "Gholami, Aryan"]
[Black "Ankit, R. Rajpara"]
[Result "0-1"]
[WhiteTitle "FM"]
[BlackTitle "GM"]
[WhiteElo "2320"]
[BlackElo "2494"]
[WhiteFideId "12513342"]
[BlackFideId "5023335"]
[EventDate "2014.12.19"]

1. d4 d5 2. Nf3 Nf6 3. Bf4 c5 4. e3 Nc6 5. c3 Qb6 6. Qb3 c4 7. Qxb6 axb6 8. Na3
Ra5 9. Bc7 Bf5 10. Bxb6 Ra6 11. Bc7 Kd7 12. Nb5 e6 13. Be2 Be7 14. Ne5+ Nxe5 15.
dxe5 Ne8 16. Bd6 Bxd6 17. Nxd6 Nxd6 18. exd6 Rha8 19. a3 Rb6 20. O-O-O Rxd6 21.
Rd4 e5 22. Rd2 Kc6 23. Rhd1 Kc5 24. Bf1 f6 25. f3 Be6 26. Be2 Rad8 27. Bf1 b5
28. Be2 Bf7 29. Bf1 g5 30. g3 Be6 31. Bg2 h5 32. f4 gxf4 33. gxf4 Rg8 34. Bh1 h4
35. Rf2 e4 36. f5 Bc8 37. Bg2 Bxf5 38. Rxf5 Rxg2 39. Rd2 Rg1+ 40. Rd1 Rg2 41.
Rd2 Rg1+ 42. Rd1 Rg5 43. Rf4 h3 44. Rh4 Rd8 45. Rxh3 Rdg8 46. Rh7 Rf5 47. Kc2
Rg2+ 48. Rd2 Rff2 49. Rxf2 Rxf2+ 50. Kd1 Rxb2 51. h4 Rb3 52. Kd2 Rxa3 53. h5
Ra2+ 54. Kd1 Rh2 55. h6 b4 56. Rh8 b3 57. Kc1 Kb6 58. h7 Kb7 59. Kb1 f5 60. Kc1
f4 61. exf4 e3 62. f5 d4 63. Re8 Rxh7 64. f6 Kc7 65. Re4 d3 66. Rxc4+ Kb6 67.
Re4 d2+ 0-1

[Event "3rd Al Ain Chess Classic"]
[Site "Al-Ain UAE"]
[Date "2014.12.25"]
[Round "8.28"]
[White "Mirzoeva, Elmira"]
[Black "Bajarani, Ulvi"]
[Result "0-1"]
[WhiteTitle "WGM"]
[BlackTitle "GM"]
[WhiteElo "2246"]
[BlackElo "2494"]
[WhiteFideId "4127951"]
[BlackFideId "13403028"]
[EventDate "2014.12.19"]

1. d4 d5 2. c4 c6 3. Nc3 Nf6 4. Nf3 e6 5. Bg5 h6 6. Bxf6 Qxf6 7. e3 Nd7 8. Bd3
dxc4 9. Bxc4 g6 10. O-O Bg7 11. Qc2 O-O 12. Bb3 Qe7 13. Ne4 e5 14. Ng3 Kh8 15.
Rad1 f5 16. Nxe5 Nxe5 17. dxe5 Qxe5 18. Rd2 Be6 19. Rfd1 Rae8 20. Bxe6 Rxe6 21.
b3 f4 22. exf4 Qxf4 23. Nf1 b6 24. g3 Qf3 25. Qc4 Ree8 26. Ne3 c5 27. Qe2 Qe4
28. Qg4 Qxg4 29. Nxg4 Re4 30. Ne3 Rd4 31. Nc2 Rxd2 32. Rxd2 Rf7 33. Rd6 Kh7 34.
Kf1 Be5 35. Rd5 Re7 36. Ne3 h5 37. Ke2 Bd4 38. Kd3 Kg7 39. Rd8 Kf7 40. a4 Ke6
41. Rg8 Kf7 42. Rd8 Bxe3 43. fxe3 Ke6 44. Rg8 Kf6 45. Rd8 Ke5 46. e4 Rf7 47.
Rd5+ Ke6 48. Ke2 Rc7 49. Ke3 a6 50. Rg5 Kf7 51. Rd5 Ke6 52. Rg5 Kf6 53. Rd5 Rc6
54. Kd3 Ke7 55. Ke3 Rd6 56. Rg5 Kf6 57. h4 Rc6 58. Kd3 b5 59. axb5 axb5 60. Rd5
Ke7 61. Rg5 Kd7 62. g4 hxg4 63. Rxg4 Rd6+ 64. Kc3 Kc6 65. Rg5 Rf6 66. h5 Rf3+
67. Kc2 gxh5 68. Rxh5 Re3 69. Rh6+ Kc7 70. Re6 Kd7 71. Re5 Kd6 72. Re8 Kc6 73.
Re6+ Kc7 74. Kb2 Rd3 75. Kc2 Rd6 76. Re8 Rh6 77. Kc3 Rh3+ 78. Kc2 Kb6 79. Re5
Re3 0-1

[Event "3rd Al Ain Chess Classic"]
[Site "Al-Ain UAE"]
[Date "2014.12.25"]
[Round "8.30"]
[White "Karavade, Eesha"]
[Black "Soozankar, A.M."]
[Result "1/2-1/2"]
[WhiteTitle "IM"]
[BlackTitle "FM"]
[WhiteElo "2392"]
[BlackElo "2183"]
[WhiteFideId "5012600"]
[BlackFideId "12503029"]
[EventDate "2014.12.19"]

1. d4 Nf6 2. c4 g6 3. Nc3 d5 4. cxd5 Nxd5 5. Bd2 Bg7 6. e4 Nb6 7. Be3 O-O 8. h3
e5 9. Nf3 exd4 10. Bxd4 Nc6 11. Bxg7 Kxg7 12. Bb5 Na5 13. O-O Qxd1 14. Rfxd1 a6
15. Bf1 Be6 16. Nd5 Bxd5 17. exd5 c5 18. dxc6 Nxc6 19. Rac1 Rfd8 20. Rxd8 Nxd8
21. Ng5 Rc8 22. Rd1 Nc6 23. Ne4 Rc7 24. g3 Ne5 25. f4 Nec4 26. Rc1 Re7 27. Bxc4
Rxe4 28. Bb3 Re7 29. Kf2 Rd7 30. Rc5 Na8 31. Ke3 Nc7 32. g4 Re7+ 33. Kf3 Ne6 34.
Re5 Kf8 35. Bxe6 fxe6 36. Rc5 Rd7 37. Ke4 Ke7 38. Rc8 Kd6 39. h4 Ke7 40. Rh8 Kd6
41. h5 gxh5 42. gxh5 Rc7 43. h6 Rf7 44. a3 Ke7 45. Ke5 Rf5+ 46. Ke4 Rf7 47. Ke5
Rf5+ 48. Ke4 1/2-1/2

[Event "3rd Al Ain Chess Classic"]
[Site "Al-Ain UAE"]
[Date "2014.12.25"]
[Round "8.31"]
[White "Andrenko, Irina"]
[Black "Tologontegin, Semetey"]
[Result "0-1"]
[WhiteTitle "WIM"]
[BlackTitle "FM"]
[WhiteElo "2202"]
[BlackElo "2391"]
[WhiteFideId "14118270"]
[BlackFideId "13800574"]
[EventDate "2014.12.19"]

1. e4 d6 2. d4 Nf6 3. Nc3 Nbd7 4. Nf3 e5 5. Bc4 Be7 6. O-O O-O 7. Re1 c6 8. a4
exd4 9. Nxd4 Ne5 10. Bb3 Nfd7 11. f4 Ng6 12. Be3 Nc5 13. Bc4 a5 14. Qh5 Bf6 15.
Nde2 b6 16. Rad1 Qc7 17. g4 Re8 18. Bd3 Ba6 19. g5 Bxc3 20. Nxc3 Bxd3 21. cxd3
d5 22. Qf3 d4 23. Bxd4 Nxf4 24. Bf2 Nce6 25. h4 Ng6 26. d4 Rad8 27. Ne2 Qe7 28.
Qg4 Qb4 29. h5 Ne7 30. Rd3 c5 31. Red1 Nc6 32. g6 cxd4 33. gxf7+ Kxf7 34. e5 Kg8
35. Bg3 Nc5 36. Rf3 d3 37. Qxb4 axb4 38. Nc1 d2 39. Nb3 Nxe5 40. Re3 Nc4 41.
Rxe8+ Rxe8 42. Nxc5 bxc5 43. b3 Re3 44. Bf2 Rxb3 45. Bxc5 Rc3 46. Kf2 b3 47. Ke2
b2 48. Bd4 Rc1 49. Bxb2 Rxd1 0-1

[Event "3rd Al Ain Chess Classic"]
[Site "Al-Ain UAE"]
[Date "2014.12.25"]
[Round "8.32"]
[White "Lazarev, Vladimir"]
[Black "Feldman, Vladimir"]
[Result "1/2-1/2"]
[WhiteTitle "GM"]
[BlackTitle "IM"]
[WhiteElo "2387"]
[BlackElo "2168"]
[WhiteFideId "4113250"]
[BlackFideId "3201791"]
[EventDate "2014.12.19"]

1. Nf3 Nf6 2. c4 g6 3. Nc3 Bg7 4. e4 c5 5. d4 cxd4 6. Nxd4 d6 7. Be2 Nc6 8. Be3
O-O 9. O-O Bd7 10. Qd2 Nxd4 11. Bxd4 Bc6 12. f3 Nd7 13. Be3 a5 14. b3 Nc5 15.
Rab1 Qb6 16. Rfc1 Qb4 17. Rc2 Rfc8 18. Qc1 Qb6 19. a3 Qd8 20. Qd2 b6 21. Bf1 Be5
22. g3 Qf8 23. Nd5 Bxd5 24. exd5 f5 25. b4 axb4 26. axb4 Nd7 27. Rb3 Rc7 28. f4
Bf6 29. Bd4 Qb8 30. Re3 Ra4 31. Rc1 Bxd4 32. Qxd4 Nf6 33. Rce1 Qa7 34. b5 Kf7
35. Re6 Qb8 36. h3 h5 37. Qe3 Raa7 38. Be2 Rab7 39. g4 hxg4 40. hxg4 Qh8 41.
gxf5 gxf5 42. Bd3 Ng4 43. Qg3 Qd4+ 44. Kg2 Ra7 45. Bxf5 Ra2+ 46. R1e2 Ra1 47.
Re1 Ra2+ 48. R1e2 Ra1 49. Re1 1/2-1/2

[Event "3rd Al Ain Chess Classic"]
[Site "Al-Ain UAE"]
[Date "2014.12.25"]
[Round "8.33"]
[White "Huseynov, Shahin"]
[Black "Abdyjapar, Asyl"]
[Result "0-1"]
[BlackTitle "IM"]
[WhiteElo "2162"]
[BlackElo "2385"]
[WhiteFideId "13401106"]
[BlackFideId "13800337"]
[EventDate "2014.12.19"]

1. d4 Nf6 2. c4 g6 3. Nc3 d5 4. Nf3 Bg7 5. Bg5 Ne4 6. cxd5 Nxg5 7. Nxg5 e6 8.
Nf3 exd5 9. e3 O-O 10. Be2 Qd6 11. O-O c6 12. a3 Nd7 13. Rc1 b5 14. e4 dxe4 15.
Nxe4 Qf4 16. Bd3 Bb7 17. Qd2 Qxd2 18. Nexd2 Rfd8 19. Nb3 a5 20. d5 c5 21. Nxc5
Nxc5 22. Rxc5 Bxd5 23. Bxb5 a4 24. Rd1 Bb3 25. Rb1 Ra5 26. Rbc1 Bxb2 27. Rc8
Rxc8 28. Rxc8+ Kg7 29. Rb8 Bxa3 30. Nd4 Bd6 31. Rb7 Bd5 32. Rd7 a3 33. Rxd6 a2
34. Nc2 a1=Q+ 35. Nxa1 Rxa1+ 36. Bf1 Bc4 37. h3 Rxf1+ 0-1

[Event "3rd Al Ain Chess Classic"]
[Site "Al-Ain UAE"]
[Date "2014.12.25"]
[Round "8.34"]
[White "Sagar, Shah"]
[Black "Ali, M Alkindi"]
[Result "1-0"]
[WhiteElo "2468"]
[BlackElo "1443"]
[WhiteFideId "5022509"]
[BlackFideId "9312293"]
[EventDate "2014.12.19"]

1. d4 Nf6 2. c4 e6 3. Nc3 Bb4 4. e3 Bxc3+ 5. bxc3 c5 6. Bd3 Nc6 7. Ne2 O-O 8.
O-O b6 9. e4 d6 10. Bg5 h6 11. Bh4 Re8 12. f4 e5 13. fxe5 dxe5 14. Bxf6 gxf6 15.
d5 Na5 16. Ng3 f5 17. exf5 Qh4 18. Re1 Ba6 19. Re4 Qe7 20. Nh5 Kh7 21. f6 Qd7
22. Rg4+ Kh8 23. Qd2 Qxg4 24. Qxh6+ Kg8 25. Bh7+ 1-0

[Event "3rd Al Ain Chess Classic"]
[Site "Al-Ain UAE"]
[Date "2014.12.25"]
[Round "8.35"]
[White "Berezina, Irina"]
[Black "Baryshpolets, Andrey"]
[Result "0-1"]
[WhiteTitle "IM"]
[BlackTitle "GM"]
[WhiteElo "2200"]
[BlackElo "2566"]
[WhiteFideId "3201937"]
[BlackFideId "14117207"]
[EventDate "2014.12.19"]

1. d4 Nf6 2. c4 e6 3. Nf3 d5 4. g3 Bb4+ 5. Bd2 Bd6 6. Bg2 c6 7. Qc2 Nbd7 8. O-O
O-O 9. Rd1 Ne4 10. Nc3 f5 11. Be1 Qe7 12. e3 Ndf6 13. b3 Bd7 14. Rab1 Be8 15.
Ne2 Bh5 16. Nf4 Bxf3 17. Bxf3 g5 18. Nd3 Rac8 19. b4 h5 20. Bg2 g4 21. Nf4 Bxf4
22. exf4 h4 23. Rb2 Nd6 24. c5 Nc4 25. Rb3 hxg3 26. fxg3 b6 27. a4 Ne4 28. Qe2
Qg7 29. Bxe4 fxe4 30. b5 Rf7 31. Bb4 Qg6 32. Rc3 e3 33. Rcd3 Rb7 34. cxb6 Rxb6
35. Ba3 cxb5 36. a5 Nxa5 37. Bc5 Rbc6 38. Rxe3 Nc4 39. Rb3 a6 40. Re1 Qf5 41.
Rf1 R8c7 42. h3 Rg7 43. hxg4 Qxg4 44. Qxg4 Rxg4 45. Rf2 Nd6 46. Bxd6 Rxd6 47.
Rc2 Rb6 48. Kf2 Rg7 49. Kf3 b4 50. Rc5 Ra7 51. Ra5 Kf7 52. f5 exf5 53. Rxd5 a5
54. Rxf5+ Kg6 55. Kg4 a4 56. Rbf3 a3 57. Rf1 a2 58. Rg5+ Kh7 59. Rh1+ Rh6 60.
Ra1 Rg6 0-1

[Event "3rd Al Ain Chess Classic"]
[Site "Al-Ain UAE"]
[Date "2014.12.25"]
[Round "8.36"]
[White "Derakhshani, Dorsa"]
[Black "Rahman, Ziaur"]
[Result "0-1"]
[WhiteTitle "WFM"]
[BlackTitle "GM"]
[WhiteElo "2188"]
[BlackElo "2511"]
[WhiteFideId "12500330"]
[BlackFideId "10200037"]
[EventDate "2014.12.19"]

1. e4 d6 2. d4 Nf6 3. Nc3 g6 4. f4 Bg7 5. Nf3 O-O 6. Bd3 Na6 7. O-O c5 8. d5 Bg4
9. Bc4 Nc7 10. a4 e6 11. h3 Bxf3 12. Qxf3 exd5 13. exd5 Na6 14. Nb5 Nb4 15. c3
Nc2 16. Rb1 a6 17. Qd3 axb5 18. Bxb5 Nd4 19. cxd4 Nxd5 20. dxc5 dxc5 21. f5 Bd4+
22. Kh1 Kg7 23. Qg3 Nf6 24. Qf3 Qd5 25. Bg5 Qxf3 26. Bxf6+ Kxf6 27. Rxf3 g5 28.
b4 b6 29. bxc5 bxc5 30. g4 h5 31. Kg2 Rh8 32. Bc6 Ra6 33. Bb5 Ra7 34. Rh1 Rh6
35. Ra3 Ke5 36. Re1+ Kd6 37. Ra2 hxg4 38. hxg4 Rh4 39. Be2 c4 40. Bxc4 Rxg4+ 41.
Kh3 Rh4+ 42. Kg2 f6 43. Rh1 Rg4+ 44. Kh3 Re4 45. Be6 Rc7 46. Kg2 Rc3 47. Rd1 Kc5
48. Kf1 Rf4+ 49. Ke1 Re3+ 50. Kd2 Rc3 51. Ke1 Rh4 52. Kf1 Rh1+ 53. Ke2 Rh2+ 54.
Ke1 Re3+ 0-1

[Event "3rd Al Ain Chess Classic"]
[Site "Al-Ain UAE"]
[Date "2014.12.25"]
[Round "8.37"]
[White "Nandhidhaa, PV"]
[Black "Das, Sayantan"]
[Result "1-0"]
[BlackTitle "IM"]
[WhiteElo "2177"]
[BlackElo "2444"]
[WhiteFideId "5050847"]
[BlackFideId "5034426"]
[EventDate "2014.12.19"]

1. e4 c5 2. b3 d6 3. Bb2 Nf6 4. Nc3 Nc6 5. Bb5 g6 6. Nge2 a6 7. Bxc6+ bxc6 8. d3
Bg7 9. O-O O-O 10. Na4 Rb8 11. c4 Ne8 12. Ng3 Bxb2 13. Nxb2 Ng7 14. Qd2 e5 15.
f4 exf4 16. Rxf4 Qg5 17. Qf2 Rb7 18. Rf1 Qe5 19. Nd1 a5 20. Qd2 a4 21. bxa4 Be6
22. R4f2 Rfb8 23. Qc3 Ra8 24. Qc2 Rb4 25. Nc3 Rab8 26. Qc1 Ne8 27. Nge2 Ng7 28.
Nf4 Bd7 29. h3 Rf8 30. Nfe2 Ne6 31. Qa3 Nd4 32. Kh1 Rb7 33. Qc1 f5 34. exf5 Bxf5
35. g4 Nxe2 36. Rxe2 Qg3 37. gxf5 Qxh3+ 38. Kg1 Rbf7 39. Qe3 Qh4 40. Qe4 Qf6 41.
Nd1 gxf5 42. Rg2+ Kh8 43. Qf4 Qd4+ 44. Qxd4+ cxd4 45. Kf2 Ra7 46. Nb2 Rb8 47.
Kf3 Rab7 48. Rff2 Rf7 49. Kf4 Rbf8 50. c5 d5 51. Ke5 f4 52. Rf3 Rb8 53. Kxd4
Rfb7 54. Rff2 Rb4+ 55. Ke5 Rf8 56. Rg4 Rfb8 57. Rgxf4 Rxb2 58. Rxb2 Rxb2 59. Kd6
Rd2 60. Rd4 1-0

[Event "3rd Al Ain Chess Classic"]
[Site "Al-Ain UAE"]
[Date "2014.12.25"]
[Round "8.38"]
[White "Khademalsharieh, Sarasadat"]
[Black "Puranik, Abhimanyu"]
[Result "1/2-1/2"]
[WhiteTitle "WGM"]
[BlackTitle "CM"]
[WhiteElo "2378"]
[BlackElo "2255"]
[WhiteFideId "12512214"]
[BlackFideId "5061245"]
[EventDate "2014.12.19"]

1. d4 Nf6 2. Bg5 g6 3. Bxf6 exf6 4. e3 d6 5. g3 Bg7 6. Bg2 c6 7. Ne2 O-O 8. c4
f5 9. O-O Nd7 10. Nbc3 a5 11. Qc2 Re8 12. b3 h5 13. h4 Nf6 14. a3 Ng4 15. Nf4
Qb6 16. c5 dxc5 17. Na4 Qd8 18. Nxc5 Rxe3 19. fxe3 Nxe3 20. Qd3 Nxf1 21. Kxf1 b6
22. Bxc6 Ra7 23. Na4 Ba6 24. Bb5 Qa8 25. Bxa6 Qh1+ 26. Kf2 Qxa1 27. Ne2 Qxa3 28.
Bc4 Qd6 29. Nac3 Rd7 30. Nb5 Qb4 31. Qf3 Kh7 32. Qc6 Re7 33. Qd6 Qxd6 34. Nxd6
Rd7 35. Nb5 Bf6 36. Ke3 Re7+ 37. Kd3 Rd7 38. Nf4 Kh6 39. Bd5 Re7 40. Nd6 Re1 41.
Nxf7+ Kg7 42. Ng5 b5 43. Nf3 Rc1 44. Ne2 Ra1 45. Nc3 a4 46. bxa4 bxa4 47. Ng5 a3
48. Ne6+ Kh6 49. Nf4 Be7 50. Nfe2 g5 51. hxg5+ Kxg5 52. Ke3 Bd6 1/2-1/2

[Event "3rd Al Ain Chess Classic"]
[Site "Al-Ain UAE"]
[Date "2014.12.25"]
[Round "8.39"]
[White "Abtini, Hasan"]
[Black "Nakhbayeva, Guliskhan"]
[Result "0-1"]
[BlackTitle "WGM"]
[WhiteElo "1987"]
[BlackElo "2378"]
[WhiteFideId "7601506"]
[BlackFideId "13704788"]
[EventDate "2014.12.19"]

1. c4 e5 2. Nc3 Nf6 3. Nf3 Nc6 4. g3 d5 5. cxd5 Nxd5 6. Bg2 Nb6 7. d3 Be7 8. O-O
O-O 9. a3 Be6 10. Be3 Nd5 11. Bd2 f6 12. Rc1 Nxc3 13. Bxc3 Nd4 14. Nxd4 exd4 15.
Ba5 b6 16. Bd2 a5 17. Bxa8 Qxa8 18. f4 c5 19. f5 Bf7 20. Qa4 Qd5 21. Qb5 Bd8 22.
Bf4 Qxf5 23. Rce1 Qd5 24. Qa6 Qd7 25. Qa8 g5 26. Bd2 Bd5 27. Qa6 Bc7 28. a4 Qxa4
29. Rxf6 Ra8 30. Qxa8+ Bxa8 31. Ref1 Bd5 32. R6f5 h6 33. Rxd5 Qc2 34. Rd7 Be5
35. Re7 Bg7 36. Bc1 c4 37. dxc4 Qxc4 38. h4 d3 39. Re8+ Kh7 40. exd3 Qxd3 41.
Kg2 Qc2+ 42. Kg1 gxh4 43. Bf4 hxg3 44. Bxg3 Bd4+ 45. Re3 0-1

[Event "3rd Al Ain Chess Classic"]
[Site "Al-Ain UAE"]
[Date "2014.12.25"]
[Round "8.40"]
[White "Abdulov, Orkhan"]
[Black "Hojjatova, Aydan"]
[Result "1-0"]
[WhiteTitle "IM"]
[BlackTitle "WCM"]
[WhiteElo "2350"]
[BlackElo "2217"]
[WhiteFideId "13402714"]
[BlackFideId "13401491"]
[EventDate "2014.12.19"]

1. e4 c5 2. Nf3 e6 3. d4 cxd4 4. Nxd4 Nf6 5. Nc3 Nc6 6. Nxc6 bxc6 7. e5 Nd5 8.
Ne4 Qc7 9. f4 Qb6 10. c4 Ne3 11. Qd3 Bb4+ 12. Bd2 O-O 13. a3 Bxd2+ 14. Qxd2 a5
15. c5 Qb3 16. Rc1 Nd5 17. Bc4 Qe3+ 18. Qxe3 Nxe3 19. Kf2 Nd5 20. Bxd5 exd5 21.
Nd2 f6 22. exf6 Rxf6 23. g3 Rb8 24. b3 g5 25. Kg2 gxf4 26. Rhf1 Ba6 27. Rxf4
Rxf4 28. gxf4 Re8 29. Kf3 Re2 30. Nc4 Ra2 31. Rg1+ Kf8 32. Nb6 Rxa3 33. Nxd7+
Ke8 34. Ne5 Rxb3+ 35. Kg4 Bc8+ 36. Kg5 Rb4 37. f5 Rb5 38. Kf6 Kf8 39. Rg7 Bxf5
40. Ra7 Bg6 41. Ra8+ 1-0

[Event "3rd Al Ain Chess Classic"]
[Site "Al-Ain UAE"]
[Date "2014.12.25"]
[Round "8.41"]
[White "Abdumalik, Zhansaya"]
[Black "Vaishali, R"]
[Result "1-0"]
[WhiteTitle "WGM"]
[BlackTitle "WFM"]
[WhiteElo "2332"]
[BlackElo "2134"]
[WhiteFideId "13703544"]
[BlackFideId "5091756"]
[EventDate "2014.12.19"]

1. e4 e5 2. Nf3 d6 3. d4 exd4 4. Nxd4 Nf6 5. Nc3 Be7 6. Bf4 O-O 7. Qd2 a6 8.
O-O-O b5 9. f3 b4 10. Nd5 Nxd5 11. exd5 a5 12. g4 Bb7 13. Nf5 Nd7 14. Kb1 Nb6
15. Ne3 Bg5 16. Bxg5 Qxg5 17. Bb5 a4 18. Qd4 Qe5 19. Rhe1 Qxd4 20. Rxd4 Ra5 21.
Rxb4 Bxd5 22. Bxa4 Bxf3 23. Bb3 Re5 24. Kc1 Rfe8 25. Kd2 d5 26. c3 h5 27. h3
R8e6 28. a4 c5 29. Rf4 hxg4 30. hxg4 Be4 31. a5 Na8 32. Ref1 f6 33. Ba2 c4 34.
b3 Bd3 35. Re1 cxb3 36. Bxb3 Bc4 37. Rxc4 dxc4 38. Bxc4 Nc7 39. Bxe6+ Rxe6 40.
Ra1 Rd6+ 41. Kc2 Kf7 42. c4 Rc6 43. Kd3 Na6 44. Rb1 Nc5+ 45. Kd4 Ne6+ 46. Kc3
Ra6 47. Rb5 Nd8 48. Nd5 Ra7 49. Nb4 Ke6 50. a6 g6 51. Rb8 Rd7 52. a7 Rxa7 53.
Rxd8 Ra3+ 54. Kd4 Rg3 55. Re8+ Kd7 56. Re4 f5 57. gxf5 gxf5 58. Rf4 Rg4 59. Rxg4
fxg4 60. Ke4 g3 61. Kf3 Kd6 62. Nd3 g2 63. Kxg2 1-0